| 000 | 00741nam a22002177a 4500 | ||
|---|---|---|---|
| 999 |
_c3530 _d3530 |
||
| 003 | AR-CdUCM | ||
| 008 | 190306b ||||| |||| 00| 0 spa d | ||
| 040 |
_aMUNICIPALIDAD PROVINCIAL DEL CUSCO _cBIBLIOTECA MUNICIPAL DEL CUSCO |
||
| 082 |
_a869.438 / _bS59 |
||
| 100 |
_aTreugutt, Stefan _911566 |
||
| 245 |
_aJuliusz Slowacki : _bPoeta romántico / |
||
| 260 |
_aVarsovia : _bEditorial Polonia, _c1959. |
||
| 300 |
_a136 paginas ; _bIlustraciones, _c19 cm. |
||
| 505 | _aContenido: La mascara y el hombre -- Madures solitaria -- En busca de la verdad ... | ||
| 650 |
_aPoesía _9139 |
||
| 650 |
_aPoesía polaca _911567 |
||
| 700 |
_aLiwicka, Jadwiga _911568 |
||
| 700 |
_aWawrzyniak, Edwar _911569 |
||
| 942 |
_2ddc _cLIBROS |
||
| 945 | _arah | ||